Movies Quiz

Random Movies or Disney Quiz

Disney Leading Ladies Quiz Stats

 Plays Quiz Updated Mar 23, 2018

Also try: Disney Princesses
Challenge
Share
Tweet
Embed
Score 0/17 Timer 05:00
1 Play Today
Movie Lady % Correct
The Little MermaidAriel
94.6%
Peter PanWendy Darling or Tinkerbell
93.7%
FrozenElsa and Anna
92.4%
AladdinJasmine
91.5%
Beauty and the BeastBelle
91.4%
TarzanJane Porter
87.2%
The Lion KingNala
80.5%
Sleeping BeautyAurora
66%
The Princess and the FrogTiana
62.8%
Movie Lady % Correct
The Hunchback of Notre DameEsmeralda
59.3%
Robin HoodMaid Marian
50.2%
Who Framed Roger RabbitJessica Rabbit
48.8%
ZootopiaJudy Hopps
47.8%
TangledRapunzel
41.9%
HerculesMegara
39.6%
Atlantis: The Lost EmpireKidagakash 'Kida' Nedakh
9.8%
The Black CauldronEilonwy
6.5%

You're not logged in!

Compare scores with friends on all Sporcle quizzes.
OR
Log In

You Might Also Like...

Show Comments

Extras

Top Quizzes Today


Score Distribution

Your Account Isn't Verified!

In order to create a playlist on Sporcle, you need to verify the email address you used during registration. Go to your Sporcle Settings to finish the process.

Report this User

Report this user for behavior that violates our Community Guidelines.

Details: